000 00797nam a2200229 a 4500
001 000021056
003 OSt
005 20250924073802.0
008 100830s1946 dr 001 0 spa d
040 _aDO-SdBNP
_bspa
_cBNPHU
049 _aBNPD
082 _a921.6
_bC341h
245 0 0 _aHomenaje a Antonio Caso /
_ccolaboradores Pedro Antonio Sánchez, Joaquín E. Salazar.
260 _aCiudad Trujillo, República Dominicana :
_b Montalvo,
_c1946.
300 _a37 p. ;
_c25 cm.
490 1 _aPublicaciones de la Universidad Autónoma de Santo Domingo:
_v42
600 4 _aCASO, ANTONIO
_y1883-1946
_944039
700 1 _aSánchez, Troncoso
_944040
700 1 _aSalazar, Joaquín E.
_944041
830 1 _aPublicaciones de la Universidad Autónoma de Santo Domingo
_v42
_952
942 _2ddc
_cLBS1
999 _c20559
_d20559